[Event "International Championship of Central Se"]
[Site "Paracin, hotel "]
[Date "2012.07.11"]
[Round "7.1"]
[White "Franca, Veronika"]
[Black "Ostojic, Nikola M"]
[Result "1/2-1/2"]
[WhiteElo "1849"]
[BlackElo "2048"]
[PlyCount "52"]
[EventDate "2012.07.06"]

1. d4 Nf6 2. c4 e6 3. Nc3 Bb4 4. e3 O-O 5. Bd3 d5 6. Nf3 c5 7. O-O cxd4 8. exd4
dxc4 9. Bxc4 Qc7 10. Qe2 Bxc3 11. bxc3 b6 12. Bg5 Nbd7 13. Rac1 Bb7 14. Bd3
Rac8 15. Ne5 Rfe8 16. Bb5 Rf8 17. Nxd7 Nxd7 18. Qg4 Kh8 19. Qg3 f6 20. Qxc7
Rxc7 21. Bf4 e5 22. Bg3 Bc6 23. Ba6 Bb7 24. Bb5 Bc6 25. Ba6 Bb7 26. Bb5 Bc6
1/2-1/2

[Event "International Championship of Central Se"]
[Site "Paracin, hotel "]
[Date "2012.07.11"]
[Round "7.2"]
[White "Tosic, Dragoljub"]
[Black "Milosevic, Rade"]
[Result "0-1"]
[WhiteElo "1998"]
[BlackElo "2099"]
[PlyCount "110"]
[EventDate "2012.07.06"]

1. d4 Nf6 2. Nf3 e6 3. e3 b6 4. c4 Bb4+ 5. Bd2 a5 6. Bd3 Bb7 7. O-O Be4 8. Bc3
d6 9. a3 Bxc3 10. Nxc3 Bxd3 11. Qxd3 Nbd7 12. b4 O-O 13. Ne4 Qe7 14. Nxf6+ Qxf6
15. Qe4 Qe7 16. Qc6 Nf6 17. Nd2 Qd7 18. Qf3 c6 19. e4 h6 20. e5 Nh7 21. Qe3
Rfd8 22. Ne4 dxe5 23. dxe5 axb4 24. Nd6 bxa3 25. Rxa3 Rxa3 26. Qxa3 f6 27. f4
fxe5 28. fxe5 Rf8 29. Rxf8+ Nxf8 30. Qa8 b5 31. cxb5 cxb5 32. Qb8 Qc6 33. Nxb5
Qc5+ 34. Kf1 Kh7 35. Nd6 Ng6 36. Nf7 Qc1+ 37. Ke2 Qc2+ 38. Ke3 Qxg2 39. Qe8 Qg4
40. Nd8 Qf4+ 41. Kd3 Qxe5 42. Kc2 Qxh2+ 43. Kd1 Qg1+ 44. Kc2 Qf2+ 45. Kb3 Qf3+
46. Kc2 Qf5+ 47. Kd1 e5 48. Ne6 e4 49. Kd2 Qf2+ 50. Kc3 e3 51. Nd4 Qf4 52. Kd3
Ne5+ 53. Kc3 e2 54. Nxe2 Qe3+ 55. Kb4 Nd3+ 0-1

[Event "International Championship of Central Se"]
[Site "Paracin, hotel "]
[Date "2012.07.11"]
[Round "7.3"]
[White "Litvinenko, Ekaterina"]
[Black "Popovic, Milan S"]
[Result "1/2-1/2"]
[WhiteElo "1914"]
[BlackElo "2083"]
[PlyCount "51"]
[EventDate "2012.07.06"]

1. e4 c5 2. Nf3 d6 3. d4 cxd4 4. Nxd4 Nf6 5. Nc3 a6 6. h3 e5 7. Nde2 h5 8. Bg5
Be6 9. Qd2 Nbd7 10. g3 Rc8 11. Bg2 Qc7 12. O-O b5 13. a3 Be7 14. f4 Nb8 15. b3
Rd8 16. f5 Bc8 17. Bxf6 Bxf6 18. a4 b4 19. Na2 a5 20. c4 Nd7 21. Rad1 Nc5 22.
Nac1 Bb7 23. Qe3 Qb6 24. Rd5 Qc7 25. Rdd1 Qc6 26. Rd5 1/2-1/2

[Event "International Championship of Central Se"]
[Site "Paracin, hotel "]
[Date "2012.07.11"]
[Round "7.4"]
[White "Kostic, Tomislav"]
[Black "Pleshakov, Anton"]
[Result "0-1"]
[WhiteElo "1833"]
[BlackElo "2074"]
[PlyCount "132"]
[EventDate "2012.07.06"]

1. b3 d5 2. Bb2 Bf5 3. e3 e6 4. Nf3 c5 5. Bb5+ Nc6 6. Ne5 Qc7 7. O-O f6 8.
Bxc6+ bxc6 9. Nf3 Bd6 10. d3 g5 11. g3 Bg4 12. Kg2 h5 13. h3 Bxf3+ 14. Qxf3 Qg7
15. Qe2 e5 16. e4 Ne7 17. Nc3 Kd7 18. Na4 f5 19. exf5 Nxf5 20. Rae1 Nd4 21.
Bxd4 cxd4 22. Rh1 Raf8 23. Qd2 Qf6 24. Qe2 Rh7 25. Ref1 Qg6 26. Qd2 Qf5 27. f3
h4 28. g4 Qf4 29. Qxf4 Rxf4 30. Re1 Rhf7 31. Rhf1 Ke6 32. Re2 Bb4 33. Rff2 Kd6
34. Rf1 Ke6 35. Rff2 Bd6 36. Re1 Kd7 37. Ree2 Kc7 38. Re1 R4f6 39. Rff1 Kb7 40.
Rf2 Ka6 41. Rff1 Ka5 42. a3 Kb5 43. Ra1 Re6 44. Rfe1 Rf4 45. Nb2 Bc7 46. Re2
Bd6 47. Ree1 Ref6 48. Rf1 Rf8 49. Na4 e4 50. dxe4 dxe4 51. fxe4 Rxe4 52. c4+
Ka6 53. Rxf8 Bxf8 54. Rf1 Re2+ 55. Kf3 Re3+ 56. Kg2 Rg3+ 57. Kh2 Bxa3 58. Ra1
Be7 59. Nc5+ Kb6 60. Nd7+ Kb7 61. Re1 Bd6 62. Re6 Kc7 63. Ne5 Re3 64. Rxd6 Kxd6
65. Nf7+ Ke7 66. Nxg5 d3 0-1

[Event "International Championship of Central Se"]
[Site "Paracin, hotel "]
[Date "2012.07.11"]
[Round "7.5"]
[White "Djordjevic, Danilo"]
[Black "Majstorovic, Dusan"]
[Result "0-1"]
[WhiteElo "1967"]
[BlackElo "2050"]
[PlyCount "67"]
[EventDate "2012.07.06"]

1. e4 e6 2. Qe2 Ne7 3. Nf3 d5 4. d3 Nbc6 5. c3 g6 6. d4 dxe4 7. Qxe4 Bg7 8. Bf4
O-O 9. Bd3 e5 10. Bxe5 Bf5 11. Qe3 Nxe5 12. Nxe5 Bxe5 13. Bxf5 Nxf5 14. Qf3 Bd6
15. O-O Qg5 16. g3 Rfe8 17. Qxb7 Rab8 18. Qc6 Re2 19. b3 h5 20. Qf3 Rbe8 21. b4
h4 22. Na3 hxg3 23. hxg3 Bxg3 24. fxg3 R8e3 25. Qa8+ Kg7 26. Rf3 Qh5 27. Rf2
Rxf2 28. Kxf2 Qh2+ 29. Qg2 Re2+ 30. Kxe2 Qxg2+ 31. Kd3 Nxg3 32. Kc4 Qb2 33. Rg1
Qxa2+ 34. Kb5 0-1

[Event "International Championship of Central Se"]
[Site "Paracin, hotel "]
[Date "2012.07.11"]
[Round "7.7"]
[White "Kastelijn, Toine"]
[Black "Radovic, Luka"]
[Result "1-0"]
[WhiteElo "1946"]
[BlackElo "1982"]
[PlyCount "87"]
[EventDate "2012.07.06"]

1. d4 Nf6 2. c4 c5 3. d5 b5 4. cxb5 a6 5. f3 g6 6. e4 d6 7. a4 Bg7 8. Na3 O-O
9. Ne2 axb5 10. Nxb5 Ba6 11. Nec3 Nbd7 12. Be2 Ne8 13. Bg5 f6 14. Bh4 Qa5 15.
O-O Nc7 16. f4 Rfb8 17. Be1 Qb6 18. Nxc7 Qxc7 19. Nb5 Qb7 20. Bc3 Nb6 21. b3 f5
22. Bxg7 Kxg7 23. exf5 Qxd5 24. Bf3 Qxf5 25. Bxa8 Rxa8 26. Qf3 Rb8 27. Rae1 Nd5
28. Qe2 Qf6 29. Qe4 Bxb5 30. axb5 Qd4+ 31. Qxd4+ cxd4 32. Re4 Rxb5 33. Rxd4 Nc3
34. Re1 Kf6 35. b4 Nd5 36. Rb1 e5 37. fxe5+ dxe5 38. Rc4 Ne7 39. Rc5 Rb6 40. b5
Ke6 41. Re1 Kd6 42. Rcxe5 Nf5 43. Re6+ Kc5 44. R6e5+ 1-0

[Event "International Championship of Central Se"]
[Site "Paracin, hotel "]
[Date "2012.07.11"]
[Round "7.8"]
[White "Stefanov, Evtim"]
[Black "Majcen, Zoran"]
[Result "1-0"]
[WhiteElo "1969"]
[BlackElo "1809"]
[PlyCount "72"]
[EventDate "2012.07.06"]

1. e4 e6 2. d4 d5 3. Nd2 dxe4 4. Nxe4 Nd7 5. Bd3 Be7 6. Be3 Ngf6 7. Qe2 O-O 8.
O-O-O b6 9. g4 Bb7 10. f3 Nxe4 11. fxe4 Bg5 12. Nf3 Bxe3+ 13. Qxe3 c5 14. c3
Rc8 15. Kb1 cxd4 16. cxd4 Re8 17. h4 Nf8 18. g5 Rc7 19. h5 g6 20. Ne5 Nd7 21.
Ng4 Rf8 22. Rh2 Kg7 23. Rdh1 Rh8 24. hxg6 fxg6 25. Rh6 Nf8 26. Nf6 Rf7 27. R1h2
Rxf6 28. gxf6+ Qxf6 29. Rf2 Qe7 30. Rh1 Rg8 31. Qh6+ Kh8 32. Rhf1 Qg7 33. Qxg7+
Kxg7 34. Rf7+ Kh6 35. Rxb7 e5 36. Bc4 Rg7 1-0

[Event "International Championship of Central Se"]
[Site "Paracin, hotel "]
[Date "2012.07.11"]
[Round "7.9"]
[White "Milutinovic, Stefana"]
[Black "Dragojevic, Dragan"]
[Result "1/2-1/2"]
[WhiteElo "1896"]
[BlackElo "1968"]
[PlyCount "43"]
[EventDate "2012.07.06"]

1. d4 Nf6 2. c4 b6 3. Nf3 Bb7 4. g3 g6 5. Bg2 Bg7 6. Nc3 O-O 7. O-O e6 8. d5 d6
9. e4 e5 10. Nd2 Nh5 11. Qe2 Bc8 12. b4 a5 13. bxa5 Rxa5 14. Nb3 Ra8 15. a4 Nd7
16. a5 bxa5 17. Nxa5 Nb6 18. Nc6 Qd7 19. Rxa8 Nxa8 20. c5 Re8 21. cxd6 cxd6 22.
Be3 1/2-1/2

[Event "International Championship of Central Se"]
[Site "Paracin, hotel "]
[Date "2012.07.11"]
[Round "7.10"]
[White "Arandjelovic, Aleksandar Z"]
[Black "Jakovljevic, Dejan"]
[Result "1/2-1/2"]
[WhiteElo "2030"]
[BlackElo "1838"]
[PlyCount "41"]
[EventDate "2012.07.06"]

1. d4 Nf6 2. c4 e5 3. dxe5 Ng4 4. Bf4 Nc6 5. Nf3 Bb4+ 6. Nc3 Qe7 7. e3 Ngxe5 8.
Be2 Bxc3+ 9. bxc3 d6 10. Rb1 O-O 11. Qc2 h6 12. Nd4 b6 13. h4 Na5 14. c5 bxc5
15. Nf3 Ng6 16. Bg3 Nc6 17. Bd3 Bd7 18. h5 Nge5 19. Bh7+ Kh8 20. Be4 Nxf3+ 21.
Bxf3 1/2-1/2

[Event "International Championship of Central Se"]
[Site "Paracin, hotel "]
[Date "2012.07.11"]
[Round "7.11"]
[White "Gagic, Miroljub"]
[Black "Tomic, Slobodan"]
[Result "*"]
[WhiteElo "1911"]
[BlackElo "2090"]
[Annotator "Milojevic,Boban"]
[PlyCount "69"]
[EventDate "2012.07.06"]

1. c4 e5 2. e3 Nc6 3. Nc3 Nf6 4. d4 d6 5. Nf3 Be7 6. d5 Nb8 7. e4 O-O 8. h3
Nbd7 9. Be2 Nc5 10. Nd2 a5 11. b3 b6 12. O-O Ne8 13. Bg4 Nd3 14. Qf3 Nxc1 15.
Rfxc1 g6 16. Bxc8 Qxc8 17. Nb5 Ng7 18. a3 Qd7 19. b4 f5 20. Qd3 fxe4 21. Nxe4
Rfb8 22. Nbc3 Qd8 23. Ne2 Qf8 24. N4c3 Bg5 25. Rf1 Qf5 26. Ne4 Be7 27. Qe3 Qd7
28. Qc3 Ra7 29. f4 axb4 30. axb4 Rxa1 31. Qxa1 exf4 32. Nxf4 Rf8 33. Ne2 Rxf1+
34. Qxf1 Nf5 35. Nf4 {unreadable} *

[Event "International Championship of Central Se"]
[Site "Paracin, hotel "]
[Date "2012.07.11"]
[Round "7.12"]
[White "Antic, Nenad"]
[Black "Nadvesnik, Vilma"]
[Result "1-0"]
[WhiteElo "2031"]
[BlackElo "1906"]
[Annotator "Milojevic,Boban"]
[PlyCount "94"]
[EventDate "2012.07.06"]

1. d4 Nf6 2. c4 c5 3. d5 e6 4. Nc3 exd5 5. cxd5 d6 6. e4 g6 7. Bd3 a6 8. a4 Bg7
9. Nf3 O-O 10. h3 b6 11. O-O Re8 12. Re1 Qc7 13. Bf4 Nfd7 14. Rf1 f6 15. Rc1
Ne5 16. Nxe5 fxe5 17. Be3 Rf8 18. Qd2 Qf7 19. b4 Nd7 20. Rb1 Ra7 21. bxc5 bxc5
22. a5 Qe7 23. Na4 Nf6 24. Qc2 Nd7 25. Qa2 Kh8 26. Nb6 Nf6 27. Nxc8 Rxc8 28.
Qa4 Nd7 29. Rb2 Qd8 30. Rfb1 Raa8 31. Rb7 Rc7 32. Bg5 Qc8 33. R7b2 Bf8 34. Be2
h6 35. Be3 Kh7 36. Bg4 Qd8 37. Rb7 Ra7 38. R7b2 Ra8 39. Rb7 Ra7 40. Rxa7 Rxa7
41. Be2 Kg7 42. Qc6 Qxa5 43. Rb7 Rxb7 44. Qxb7 Qe1+ 45. Bf1 a5 46. Qxd7+ Kh8
47. Qe8 Kg7 {unreadable} 1-0

[Event "International Championship of Central Se"]
[Site "Paracin, hotel "]
[Date "2012.07.11"]
[Round "7.14"]
[White "Korbovljanovic, Natasa"]
[Black "Radovanovic, Miroljub B"]
[Result "1/2-1/2"]
[WhiteElo "1844"]
[BlackElo "1953"]
[PlyCount "63"]
[EventDate "2012.07.06"]

1. e4 c5 2. Nf3 Nc6 3. d4 cxd4 4. Nxd4 e5 5. Nb5 d6 6. N1c3 a6 7. Na3 b5 8. Nd5
Nf6 9. Bg5 Be7 10. Nxe7 Nxe7 11. Bxf6 gxf6 12. c3 f5 13. exf5 Bxf5 14. Nc2 O-O
15. Ne3 Be6 16. Bd3 f5 17. O-O Qe8 18. Be2 Qc6 19. a4 Ng6 20. Nc2 Bb3 21. axb5
axb5 22. Qd2 Bxc2 23. Qxc2 Nf4 24. f3 Qc5+ 25. Kh1 Nxe2 26. Qxe2 b4 27. Qd3
Rxa1 28. Rxa1 bxc3 29. bxc3 f4 30. Rd1 Rc8 31. Qf5 Qc7 32. Qg5+ 1/2-1/2

[Event "International Championship of Central Se"]
[Site "Paracin, hotel "]
[Date "2012.07.11"]
[Round "7.15"]
[White "Arsic, Djordje"]
[Black "Boskovic, Maksimilijan"]
[Result "1-0"]
[WhiteElo "1949"]
[BlackElo "1888"]
[PlyCount "63"]
[EventDate "2012.07.06"]

1. e4 c5 2. Nf3 e6 3. d4 cxd4 4. Nxd4 Nf6 5. Nc3 d6 6. Be3 Be7 7. Qd2 a6 8.
O-O-O b5 9. f3 Bd7 10. g4 b4 11. Nce2 e5 12. Nf5 Bxf5 13. exf5 Qa5 14. Kb1 d5
15. g5 d4 16. gxf6 dxe3 17. fxg7 Rg8 18. Qxe3 Rxg7 19. Ng3 Nd7 20. Qh6 Rg8 21.
Bc4 Nf6 22. Ne4 Qb6 23. Nd6+ Kd7 24. Bxf7 Kc7 25. Bxg8 Rxg8 26. Ne4 Nxe4 27.
Qxb6+ Kxb6 28. fxe4 Kc6 29. Rd5 Bd6 30. f6 Rf8 31. Rf1 Be7 32. f7 1-0

[Event "International Championship of Central Se"]
[Site "Paracin, hotel "]
[Date "2012.07.11"]
[Round "7.16"]
[White "Kosir, Franci"]
[Black "Milanovic, Maja"]
[Result "1/2-1/2"]
[WhiteElo "1925"]
[BlackElo "1879"]
[PlyCount "53"]
[EventDate "2012.07.06"]

1. Nf3 Nf6 2. g3 b6 3. Bg2 Bb7 4. O-O c5 5. c4 e6 6. Nc3 a6 7. d4 cxd4 8. Qxd4
Nc6 9. Qd2 Qc7 10. b3 Be7 11. Bb2 O-O 12. Rac1 Rac8 13. Rfd1 d6 14. h3 Rfd8 15.
Qc2 Qb8 16. Qb1 Ba8 17. Nd4 Nxd4 18. Rxd4 Bxg2 19. Kxg2 Qb7+ 20. Kg1 Rd7 21.
Rcd1 Rcd8 22. a3 d5 23. cxd5 Nxd5 24. Nxd5 Rxd5 25. Rxd5 Rxd5 26. Rxd5 Qxd5 27.
Qc2 1/2-1/2

[Event "International Championship of Central Se"]
[Site "Paracin, hotel "]
[Date "2012.07.11"]
[Round "7.17"]
[White "Mirkovic, Dejan"]
[Black "Zajic, Milun"]
[Result "0-1"]
[WhiteElo "1919"]
[BlackElo "1873"]
[PlyCount "80"]
[EventDate "2012.07.06"]

1. Nf3 Nf6 2. c4 g6 3. Nc3 Bg7 4. d4 O-O 5. e3 d6 6. Bd3 Nbd7 7. O-O c6 8. b3
Re8 9. Qc2 e5 10. Ba3 Qc7 11. Rac1 Nh5 12. dxe5 dxe5 13. e4 Nf8 14. Bxf8 Kxf8
15. h3 Be6 16. Ng5 h6 17. Nxe6+ Rxe6 18. g3 b6 19. Be2 Nf6 20. f4 exf4 21. gxf4
g5 22. e5 Ne8 23. Bg4 Re7 24. Ne2 Kg8 25. fxg5 Qxe5 26. gxh6 Bxh6 27. Rcd1 Nf6
28. Bf3 Qe6 29. Kh2 Be3 30. Qc3 Rc8 31. Rd3 Rce8 32. Rfd1 Qf5 33. Rf1 Bf4+ 34.
Nxf4 Qxf4+ 35. Kh1 Ne4 36. Rg1+ Ng3+ 37. Kh2 Re2+ 38. Rg2 Rxg2+ 39. Kxg2 Ne2
40. Bxe2 Rxe2+ 0-1

[Event "International Championship of Central Se"]
[Site "Paracin, hotel "]
[Date "2012.07.11"]
[Round "7.18"]
[White "Djuretanovic, Ivan"]
[Black "Ljuboja, Ognjen"]
[Result "1-0"]
[WhiteElo "2051"]
[BlackElo "1830"]
[PlyCount "89"]
[EventDate "2012.07.06"]

1. e4 c5 2. Nf3 Nc6 3. c3 Nf6 4. e5 Nd5 5. d4 cxd4 6. cxd4 d6 7. exd6 Qxd6 8.
Nc3 e6 9. Bd3 Be7 10. O-O O-O 11. Re1 Ncb4 12. Ne4 Qd8 13. Bb1 Nf6 14. Neg5 h6
15. a3 Nbd5 16. Nh3 b6 17. Ne5 Bb7 18. Nf4 Nxf4 19. Bxf4 Qd5 20. Nf3 Rfd8 21.
Be5 Rac8 22. Ba2 Qd7 23. Qd3 Bd5 24. Bb1 Bc4 25. Qd2 Bd5 26. h3 Qb7 27. Re3 Rc6
28. Bd3 Rdc8 29. Rae1 Bc4 30. Bb1 Nd5 31. Re4 f5 32. Rh4 Bxh4 33. Nxh4 Qf7 34.
g4 g5 35. gxf5 exf5 36. Nxf5 Nf4 37. Bxf4 gxf4 38. Qxf4 Rg6+ 39. Kh2 Kf8 40.
Re5 Be6 41. d5 Bxd5 42. Rxd5 Qxd5 43. Nxh6+ Kg7 44. Bxg6 Rc4 45. Nf5+ 1-0

[Event "International Championship of Central Se"]
[Site "Paracin, hotel "]
[Date "2012.07.11"]
[Round "7.19"]
[White "Lazic, Milan B"]
[Black "Nikolic, Milan"]
[Result "1/2-1/2"]
[WhiteElo "2042"]
[BlackElo "1857"]
[PlyCount "42"]
[EventDate "2012.07.06"]

1. e4 d5 2. exd5 Qxd5 3. Nf3 Nf6 4. d4 c6 5. c4 Qd8 6. Nc3 Bg4 7. Be2 e6 8. O-O
Nbd7 9. h3 Bh5 10. Bf4 Bb4 11. Qb3 Bxc3 12. bxc3 Qb6 13. Rfd1 O-O 14. c5 Qxb3
15. axb3 Nd5 16. Bd2 h6 17. Ra2 N7f6 18. c4 Ne7 19. Bf4 Rfd8 20. Be3 Nf5 21.
Rda1 a6 1/2-1/2

[Event "International Championship of Central Se"]
[Site "Paracin, hotel "]
[Date "2012.07.11"]
[Round "7.20"]
[White "Brankovan, Mario"]
[Black "Zivkovic, Zivojin"]
[Result "1-0"]
[WhiteElo "1854"]
[BlackElo "1991"]
[PlyCount "77"]
[EventDate "2012.07.06"]

1. d4 Nf6 2. Nf3 g6 3. c3 Bg7 4. Bf4 d6 5. Nbd2 O-O 6. Qc2 Nbd7 7. e3 h6 8. Rd1
c6 9. Bd3 Re8 10. h3 e5 11. dxe5 dxe5 12. Bh2 b5 13. Ne4 Nxe4 14. Bxe4 Bb7 15.
g4 Qe7 16. Nd2 Nc5 17. Bg2 Rad8 18. O-O Qe6 19. Nb3 Nxb3 20. axb3 Bf8 21. Rxd8
Rxd8 22. Rd1 Ra8 23. b4 a5 24. bxa5 Rxa5 25. Qe4 b4 26. cxb4 Rb5 27. Rd8 Kg7
28. Bf1 Be7 29. Bc4 Rxb4 30. Bxe5+ f6 31. Bxe6 Rxe4 32. Rg8+ Kh7 33. Re8 Rxe5
34. Rxe7+ Kh8 35. Rxb7 Rxe6 36. Rc7 Kg8 37. Kf1 f5 38. gxf5 gxf5 39. Kg2 1-0

[Event "International Championship of Central Se"]
[Site "Paracin, hotel "]
[Date "2012.07.11"]
[Round "7.23"]
[White "Zdravkovic, Dragan S"]
[Black "Milosavljevic, Delimir"]
[Result "0-1"]
[WhiteElo "1943"]
[BlackElo "1824"]
[PlyCount "96"]
[EventDate "2012.07.06"]

1. e4 e5 2. Nf3 Nc6 3. Bb5 Nf6 4. O-O Be7 5. Re1 d6 6. h3 a6 7. Ba4 b5 8. Bb3
O-O 9. c3 Na5 10. Bc2 c5 11. d3 h6 12. Nbd2 Bb7 13. Nf1 Re8 14. Ng3 Bf8 15. Be3
g6 16. Qd2 Kh7 17. Rad1 Nc6 18. Bb3 d5 19. Qc1 Na5 20. Bc2 d4 21. Bd2 Nc6 22.
Nh2 Ng8 23. f4 exf4 24. Bxf4 Bg7 25. Bb3 Re7 26. Rf1 Na5 27. Qc2 Nxb3 28. Qxb3
Bc8 29. a4 Be6 30. Qa3 Rc8 31. Rfe1 dxc3 32. bxc3 b4 33. Qc1 Bxc3 34. Bd2 Bd4+
35. Kh1 Bb3 36. Ng4 Bxd1 37. Rxd1 h5 38. Ne3 Be5 39. Ngf1 Qxd3 40. Bxb4 Qxe4
41. Bc3 Rce8 42. Bxe5 Qxe5 43. Rd5 Qf4 44. Rd3 Qxa4 45. Qxc5 Qb5 46. Qa3 Nf6
47. Kh2 Ne4 48. Rd8 Qe5+ 0-1

[Event "International Championship of Central Se"]
[Site "Paracin, hotel "]
[Date "2012.07.11"]
[Round "7.24"]
[White "Jaklin, Damir"]
[Black "Hrescak, Ivana"]
[Result "1/2-1/2"]
[WhiteElo "1937"]
[BlackElo "1686"]
[PlyCount "114"]
[EventDate "2012.07.06"]

1. d4 Nf6 2. c4 g6 3. Nc3 Bg7 4. e4 d6 5. f4 c5 6. d5 O-O 7. Be2 Nbd7 8. Nf3 a6
9. O-O Qc7 10. Bd3 Rb8 11. a4 b6 12. h3 Bb7 13. Qc2 Rfd8 14. Bd2 e6 15. dxe6
fxe6 16. f5 exf5 17. exf5 gxf5 18. Bxf5 Nf8 19. Bf4 Nh5 20. Bh2 Qf7 21. Qd3
Bxc3 22. bxc3 Qg7 23. g4 Nf6 24. Rae1 Bc6 25. Qc2 Qf7 26. Qd3 Qg7 27. Re3 Rb7
28. Rfe1 Ra7 29. Kf2 Bxa4 30. g5 Ne8 31. Qd5+ Qf7 32. Qd3 Bc6 33. Rg1 Ng7 34.
Bxh7+ Nxh7 35. g6 Qf6 36. gxh7+ Kh8 37. Rg6 Qf7 38. Be5 Qf8 39. Rxg7 Rxg7 40.
Bxg7+ Qxg7 41. Qf5 Rf8 42. Qd3 Qxh7 43. Qxd6 Qc2+ 44. Kg3 Rg8+ 45. Kf4 Qg6 46.
Qxg6 Rxg6 47. Ne5 Rf6+ 48. Kg5 Kg7 49. Nxc6 Rxc6 50. Re7+ Kf8 51. Ra7 b5 52.
cxb5 axb5 53. Rb7 b4 54. cxb4 cxb4 55. Rxb4 Kg7 56. Rb7+ Kh8 57. Rb5 Kg7
1/2-1/2

[Event "International Championship of Central Se"]
[Site "Paracin, hotel "]
[Date "2012.07.11"]
[Round "7.26"]
[White "Barbul, Ionel"]
[Black "Stojadinovic, Tomislav"]
[Result "1/2-1/2"]
[WhiteElo "1778"]
[BlackElo "1896"]
[PlyCount "56"]
[EventDate "2012.07.06"]

1. d4 d5 2. c4 Bf5 3. cxd5 Bxb1 4. Rxb1 Qxd5 5. a3 Nc6 6. Nf3 O-O-O 7. Be3 f6
8. Qc2 e5 9. dxe5 Nxe5 10. Nxe5 fxe5 11. Rd1 Qxd1+ 12. Qxd1 Rxd1+ 13. Kxd1 Nf6
14. g3 Be7 15. Bg2 Kb8 16. h3 c6 17. Kc2 Nd5 18. Bd2 Rf8 19. Rf1 Bc5 20. f4
exf4 21. Bxd5 cxd5 22. Rxf4 Rxf4 23. Bxf4+ Kc8 24. Kd3 h5 25. h4 Kd7 26. e4
dxe4+ 27. Kxe4 Ke6 28. Bd2 b6 1/2-1/2

[Event "International Championship of Central Se"]
[Site "Paracin, hotel "]
[Date "2012.07.11"]
[Round "7.27"]
[White "Janzelj, Lara"]
[Black "Radovanovic, Danko"]
[Result "1-0"]
[WhiteElo "1745"]
[BlackElo "1895"]
[PlyCount "113"]
[EventDate "2012.07.06"]

1. d4 d5 2. c4 c6 3. e3 Nf6 4. Nc3 Bf5 5. Nf3 e6 6. Qb3 Qc7 7. Bd2 Nbd7 8. Rc1
Qb6 9. Nh4 Qxb3 10. axb3 Bg6 11. c5 Be7 12. Nxg6 hxg6 13. b4 a6 14. Ra1 O-O 15.
Be2 e5 16. h4 Rfe8 17. f3 exd4 18. exd4 Nh5 19. Kf2 Nf8 20. g4 Nf6 21. Rag1 Ne6
22. Be3 Nh7 23. Bd3 Bf6 24. Ne2 Reb8 25. g5 Be7 26. f4 Rf8 27. Ke1 Rfb8 28. h5
Nef8 29. f5 gxf5 30. Bxf5 g6 31. hxg6 Nxg6 32. Bxg6 fxg6 33. Bf4 Rf8 34. Rh6
Rxf4 35. Nxf4 Bxg5 36. Rxg6+ Kf7 37. R6xg5 Nxg5 38. Rxg5 Re8+ 39. Re5 Rh8 40.
Kd2 Re8 41. Rxe8 Kxe8 42. Ke3 Ke7 43. Nd3 Kf6 44. Kf4 Ke7 45. Ke5 Kd7 46. Nf4
Ke7 47. Nxd5+ cxd5 48. Kxd5 Kd7 49. Ke5 Ke7 50. b3 Kd7 51. d5 Ke7 52. d6+ Kd8
53. Ke6 Ke8 54. d7+ Kd8 55. Kd6 a5 56. bxa5 b6 57. c6 1-0

[Event "International Championship of Central Se"]
[Site "Paracin, hotel "]
[Date "2012.07.11"]
[Round "7.29"]
[White "Injac, Teodora"]
[Black "Monticone, Sonia"]
[Result "1-0"]
[WhiteElo "1679"]
[BlackElo "1882"]
[PlyCount "54"]
[EventDate "2012.07.06"]

1. e4 c5 2. Nc3 e6 3. g3 d5 4. exd5 exd5 5. d4 c4 6. Bg2 Be6 7. Nge2 Nf6 8. Bg5
Nbd7 9. Nf4 h6 10. Bxf6 Nxf6 11. Qe2 Qb6 12. Ncxd5 Nxd5 13. Nxd5 Qxb2 14. O-O
Bd6 15. Bh3 O-O 16. Bxe6 Rfe8 17. Bxf7+ Kxf7 18. Qf3+ Kg8 19. Nf6+ gxf6 20.
Qd5+ Kg7 21. Qxd6 Rad8 22. Qc7+ Kg6 23. Rab1 Qxd4 24. Rxb7 Qd5 25. Qg7+ Kf5 26.
g4+ Ke5 27. Re1+ Kd6 1-0